000 00896cam a22001814a 4500
005 20250605164355.0
008 250528s ||||||||||||||||||||||||d
035 _a24276
040 _aGR-AtMCL
_bgre
_dGR-AtMCL
_eAACR2
245 1 _aSpectroscopy Europe: Informing European Spectroscopists for over 40 years / Identification of Dental Materials in Food Hyperspectral Mid-Infrared Ellipsometry
260 _bImpublications,
_c2020
300 _a35
520 _aEditorial, News, Hyperspectral Mid-Infrared Ellipsometric Measurements in the Twinkling of an Eye, Identification of Dental Materials in Food, Tony Davies Column: COVID 19 Lock-Down and Up-Skill, Sampling Column: Questions Your Company Should be Asking When Procuring Sampling Equipment, Products at Pittcon 2020, New Products, Diary.
700 1 _aMichael Ian
_99442
942 _cCR
999 _c9166
_d9166